000 01398nam a2200349 c 4500
650 7 _aАприлско въстание, 1876 г.
_2
_9147292
999 _c173173
_d173173
003 BLK
005 20240614162117.0
008 180411b bul|||||r ||||||| ||bul||
010 _aKNG00181554000
040 _aBLK
041 _aBUL
_cBUL
080 _aИстория на България
_b94(497.2)
_z94(497.2)
100 _aСеверняк, Серафим
_cпсевд.
_gБълг. писател, журналист, редактор, драматург
_d1930 - 1988
_qСерафимов, Серафим Николов
_9374151
139 _aСеверняк, Серафим
_bС 30
245 1 0 _aЧерешовото топче
_bИсторически разказ в картинки
_cСерафим Северняк; рис. Стоян Илиев.
257 _aBGR
260 _bНаука и изкуство
_c1973
300 _a36 с.
_bс ил.
_c29 см
380 _a9
490 1 _aБиблиотека България древна и млада
500 _a80 000 тир.
653 _aАприлско въстание
700 1 _aИлиев, Стоян
_eрис.
_9363990
852 _aЦб ІІ 24985
856 4 _qpdf
856 4 _qpdf
942 _cKNG
_n0
_s1
944 _aCR
_c11.09.2015
_k30540
_lСевдалина Тодорова
944 _aED
_c11.09.2015
_kКина_Георгиева
999 _d173173